000 03657cam a22004458i 4500
001 20653375
003 JO-AjAnu
005 20240805104439.0
008 180830s2020 mau bf 001 0 eng
010 _a 2018041765
020 _a9781284146394 (hardback)
040 _aDLC
_beng
_cDLC
_erda
_dJO-AjAnu
042 _apcc
050 0 0 _aRJ206
_b.H23 2020
082 0 0 _a618.92
_223
084 _aHEA017000
_2bisacsh
130 0 _aPediatric nutrition.
245 1 0 _aSamour & King's pediatric nutrition in clinical care /
_c[edited by] Susan Konek and Patricia Becker.
246 3 _aSamour and King's pediatric nutrition in clinical care
246 3 0 _aPediatric nutrition in clinical care
250 _aFifth edition.
263 _a1903
264 1 _aBurlington, MA :
_bJones & Bartlett Learning,
_c[2020]
300 _apages cm
336 _atext
_btxt
_2rdacontent
337 _aunmediated
_bn
_2rdamedia
338 _avolume
_bnc
_2rdacarrier
500 _aRevison of: Pediatric nutrition. c2012. 4th ed.
504 _aIncludes bibliographical references and index.
520 _a"Every new copy includes Navigate 2 Essentials access. Samour & King's Pediatric Nutrition in Clinical Care, Fifth Edition provides comprehensive coverage of the nutritional aspects of pediatric clinical care. A widely trusted resource for more than twenty years, this text combines coverage of nutrition assessment and care with detailed coverage of normal growth, relevant disease states, and medical nutrition therapy. After reading this book, students and practitioners alike will be able to discuss the nutrition guidelines associated with normal growth and development, and they will be better able to determine medical nutrition therapy interventions for children with diseases, injuries, genetic disorders, and weight issues"--
_cProvided by publisher.
520 _a"A widely trusted resource for more than twenty years, this text combines coverage of nutrition assessment and care with detailed coverage of normal growth, relevant disease states, and medical nutrition therapy. After reading this book, students and practitioners alike will be able to discuss the nutrition guidelines associated with normal growth and development, and they will be better able to determine medical nutrition therapy interventions for children with diseases, injuries, genetic disorders, and weight issues. Market Information: The target audience for this text will be graduate-level programs in Dietetics and Nutrition. As of March 2017, the Accreditation Council for Education in Nutrition and Dietetics (ACEND) has accredited 221 didactic programs in dietetics and 61 coordinated programs in dietetics, and all of these programs are moving to a graduate degree given recommendations put forth by ACEND in 2012. Per our Revision Survey, Pediatric Nutrition is typically offered within graduate Dietetics and Nutritional Science programs as a required course. Median reported annual enrollment was 25, though responses varied from 14 to 30. Alternate names include the following: - Maternal Child Nutrition - Advanced Pediatric and Adolescent Nutrition - Advanced Clinical Nutrition: Pediatrics"--
_cProvided by publisher.
650 0 _aChildren
_xNutrition
_vHandbooks, manuals, etc.
650 0 _aInfants
_xNutrition
_vHandbooks, manuals, etc.
650 0 _aChildren
_xDiseases
_xNutritional aspects
_vHandbooks, manuals, etc.
650 7 _aHEALTH & FITNESS / Nutrition.
_2bisacsh
700 1 _aKonek, Susan,
_eeditor.
906 _a7
_bcbc
_corignew
_d1
_eecip
_f20
_gy-gencatlg
942 _2lcc
_cBK
_n0
999 _c33610
_d33610